LEADER 01032nam a2200277 i 4500 001 991003412689707536 005 20020503191649.0 008 000908s1979 it ||| | ita 035 $ab10501770-39ule_inst 035 $aEXGIL120362$9ExL 040 $aBiblioteca Interfacoltà$bita 082 0 $a156.633 100 1 $aGrasso, Laura$0160936 245 10$aMadri e figlie :$bspecchio contro specchio :$bl'identificazione obbligata fra madri e figlie impedisce la vera singola identità /$cLaura Grasso 260 $aFirenze :$bNuova Guaraldi,$c1979 300 $aV, 217 p. ;$c21 cm. 490 0 $aImmagini ;$v4 650 4$aDonna - Atteggiamento verso la madre 650 4$aDonna$xPsicologia 650 4$aMaternità 907 $a.b10501770$b21-02-17$c27-06-02 912 $a991003412689707536 945 $aLE002 Ps. II H 17$g1$iLE002-76391/P4$lle002$o-$pE0.00$q-$rl$s- $t0$u0$v0$w0$x0$y.i10578614$z27-06-02 996 $aMadri e figlie$9162281 997 $aUNISALENTO 998 $ale002$b01-01-00$cm$da $e-$fita$git $h0$i1 LEADER 01241ncm0 22003013i 450 001 LO10395160 005 20231121125519.0 010 $a0895792427 100 $a20160701d1990 ||||0itac50 ba 101 | $alat 102 $aus 181 1$6z01$ad $baxxe 182 1$6z01$an 200 1 $a˜23/24: œBeneventanum troporum corpus 2.$eordinary chants and tropes for the mass from Southern Italy, a. d. 1000-1250$epart 2$eGloria in excelsis$fedited by John Boe 210 $aMadison$cA-R$d©1990 215 $a217 p.$d29 cm. 225 | $aRecent researches in the music of the Middle Ages and early Renaissance$v23/24 410 0$1001RML0061628$12001 $aRecent researches in the music of the Middle Ages and early Renaissance$v23/24 500 11$aBeneventanum Troporum Corpus$3LO10395133$93608256 702 1$aBoe$b, John$3LO1V153149 801 3$aIT$bIT-01$c20160701 850 $aIT-FR0017 899 $aBiblioteca umanistica Giorgio Aprea$bFR0017 $eN 912 $aLO10395160 950 0$aBiblioteca umanistica Giorgio Aprea$d 52LAB.SLA 291 BTC 2.2B$e 52COB0000903105 VMN RS $fC $h20160701$i20160701 977 $a 52 996 $aBeneventanum Troporum Corpus$93608256 997 $aUNICAS